| 000 | 00487nam a2200193Ia 4500 | ||
|---|---|---|---|
| 005 | 20250508164531.0 | ||
| 008 | 008 250505s9999 xx 000 0 eng d | ||
| 020 | _a10: 0-415-31948-X | ||
| 037 | _aTextual | ||
| 040 |
_aFEDL _beng _cFEDL |
||
| 041 |
_aeng _2eng |
||
| 084 |
_aB, GRA _qFEDL |
||
| 100 | _aJones Steve | ||
| 245 | 0 | _aAntonio gramsci | |
| 260 |
_aLondon, UK _bRoutledge _c2007 |
||
| 300 | _ax,154p. | ||
| 942 |
_cTEXL _hB, GRA |
||
| 999 |
_c1389648 _d1389648 |
||